ბათუმის შოთა რუსთაველის სახელმწიფო უნივერსიტეტის ბიბლიოთეკა

Принципы создания безотходных химических производств. (ბიბ.ჩანაწერი № 38233)

000 -LEADER
fixed length control field 00678nam a2200217Ia 4500
001 - CONTROL NUMBER
control field 4223
003 - CONTROL NUMBER IDENTIFIER
control field GE_BSU
008 - FIXED-LENGTH DATA ELEMENTS--GENERAL INFORMATION
fixed length control field 181216s||||||||xx |||||||||||||| ||und||
040 ## - CATALOGING SOURCE
Transcribing agency GE_BSU
080 ## - UNIVERSAL DECIMAL CLASSIFICATION NUMBER
Universal Decimal Classification number 66.004.18(075.8)
100 ## - MAIN ENTRY--PERSONAL NAME
Personal name Кафаров В.В.
245 ## - TITLE STATEMENT
Title Принципы создания безотходных химических производств.
245 ## - TITLE STATEMENT
Statement of responsibility, etc. ред. Д.Н. Семенова.
260 ## - PUBLICATION, DISTRIBUTION, ETC.
Place of publication, distribution, etc. М.
260 ## - PUBLICATION, DISTRIBUTION, ETC.
Name of publisher, distributor, etc. Химия.
260 ## - PUBLICATION, DISTRIBUTION, ETC.
Date of publication, distribution, etc. 1982.
300 ## - PHYSICAL DESCRIPTION
Extent 288 стр. 20 см.
300 ## - PHYSICAL DESCRIPTION
Accompanying material 20 табл.
653 ## - INDEX TERM--UNCONTROLLED
Uncontrolled term Принципы создания безотходных химических производств.
942 ## - ADDED ENTRY ELEMENTS (KOHA)
Koha item type წიგნი
ეგზემპლარები
Withdrawn status Lost status Damaged status Not for loan Date acquired Barcode Date last seen Price effective from Koha item type Public note
        2018-12-17 9576 2018-12-17 2018-12-17 წიგნი საცავი